00321 a2200121 4500003000500000005001700005040000900022082001100031245007600042505003000118650002100148651003000169Nust20170207154601.0 cNust a025.34 aStarting business english : Units : 12-15, side 1: units: 16-20, side 2 aAlmirah No.73 shelf No.6  aEnglish learning aStarting business english